006660000a220013300045001000022000002450072000223000050000945000015001445200213001597730045003729420008004179520090004259990017005151 aRosa, Diego de la10aDe la copia al original : Nueva exposición del premio Botero 2005 aVol.0, núm.2 (Noviembre, 2005), Página 15 aPeriodista aMarco Mojica, el joven artista barranquillero que ganó hace unos meses el Premio Botero presentará su obra en la colectiva Nuevos nombres de la Biblioteca Luis Ángel Arango, a partir del 7 de diciembre.0 tArcadia / Andrés Felipe Solano, Editor cANA 001040708HEMaFUSBCbFUSBCd2016-01-26l0o r2016-01-26 00:00:00w2016-01-26yANA c61715d61715